Huckleberry Hinn
Αποθηκεύτηκε σε:
| Κύριος συγγραφέας: | |
|---|---|
| Άλλοι συγγραφείς: | |
| Μορφή: | Βιβλίο |
| Γλώσσα: | English |
| Δημοσίευση: |
London :
Nelson,
1995
|
| Σειρά: | Nelson readers
|
| Θέματα: | |
| Ετικέτες: |
Προσθήκη ετικέτας
Δεν υπάρχουν, Καταχωρήστε ετικέτα πρώτοι!
|
MARC
| LEADER | 00000nam a2200000 i 4500 | ||
|---|---|---|---|
| 001 | 1/53613 | ||
| 008 | 980320s1995 eng d | ||
| 020 | |a 0175570477 | ||
| 035 | |l 10027548 | ||
| 040 | |a GR-MY-UA |b gre |e aacr | ||
| 041 | 0 | |a eng | |
| 082 | 0 | |a 428.64 | |
| 100 | 1 | |a Twain, Mark, |d 1835-1910. | |
| 245 | 1 | 0 | |a Huckleberry Hinn / |c Mark Twain ; abridged and simplified by Lewis Jones |
| 260 | |a London : |b Nelson, |c 1995 | ||
| 300 | |a 87 p. | ||
| 490 | 1 | |a Nelson readers | |
| 650 | 0 | 0 | |a English language |v Textbooks for foreign speakers. |
| 700 | 1 | |a Jones, Lewis. | |
| 830 | 0 | |a Nelson readers | |
| 852 | |a INST |b CHIOS |e 19980320 |h 428.64 TWA |p 005200009644 |q 005200009644 |t BK |y 0 | ||
| 901 | |a BIBL-1998-1 | ||
| 909 | |a Χ |b 053984 | ||